000 01182nam a2200313 i 4500
003 DO-SdBNP
005 20260205110706.0
007 ta
008 090707s200u dr ac gr 001 0 spa d
040 _aDO-SdBNP
_bspa
_cBNPHU
_erda
082 4 _axxx
_bR426m
_222
110 1 _aRepública Dominicana
_eSecretaría de Estado de la Juventud
_91150
245 1 0 _aMemorias 2004-2006 /
_cRedactores, Miguel Pichardo, Miguel Matos ; fotografías, Roosvelt Pérez, Freddy Ortíz
264 1 _aSanto Domingo :
_bSEJ;
_c2007.
300 _a124 páginas :
_bilustraciones, retratos ;
_c28 cm.
336 _atexto
_btxt
_2txt
337 _asin mediación
_bn
_2rdamedia
338 _avolumen
_bnc
_2rdacarrier
590 _aInventariado, 2022/ YL
650 0 _aInformes técnicos
_xRedacción
_97867
651 4 _aRepública Dominicana
_xAdministración pública
_xMemorias e informes
_91286
700 2 _aPichardo, Miguel,
_ered.
_981803
700 2 _aMatos, Miguel
_ered.
_981804
700 1 _aPérez, Roosvelt
_efot.
_981805
700 1 _aOrtíz, Freddy
_efot.
_961927
710 2 _aSecretaría de Estado de la Juventud (República Dominicana)
_965166
910 _aYLockward
942 _2ddc
_cLBS1
999 _c51968
_d51968